000 00881nam a22002177a 4500
005 20240216143324.0
008 180502s mx gr|||| 000 0 spa||
020 _a9684962754
050 0 4 _aJC419
_bA78 1994
100 1 _aArtís Espriu, Gloria
245 1 0 _aFamilia, riqueza y poder
_b : un estudio genealógico de la oligarquía novohispana
_c / Gloria Artís Espriu.
250 _a1a ed.
260 _aMéxico :
_bCentro de Investigaciones y Estudios Superiores en Antropología Social,
_c1994
300 _a157 p. ;
_c21 cm.
_e+1 h. pleg.
490 0 _aColección Miguel Othón de Mendizábal
650 7 _2lemb
_aOligarquia
_zMexico
650 7 _2lemb
_aFeudalismo
_xHistoria
651 7 _2lemb
_aMéxico
_xHistoria
_yDominación española, 1517-1821
710 2 _aCentro de Investigaciones y Estudios Superiores en Antropología Social (México)
942 _2lcc
_cLIB
999 _c68603
_d68603